000 01110nam a2200229Ia 4500
001 15549
005 20260401161628.0
008 260306t2008||||xx |||||||||||||| ||und||
041 _aESP
082 _a546
_bA87
100 _aAtkins, Peter
_eAUT
245 0 _aQuímica inorgánica
260 _c2008
300 _a822 páginas :
_c27 cm.
650 _aGEN
654 _aCCN
856 _uhttps://0u213uya9-y-https-ebooks7--24-com.itmsp.museknowledge.com/?il=17657&pg=s9ml/chapter01/portadilla.xhtml#data-uuid-1d3a5c5f0dba47d382e6222325d4c241
_zVéase además: Química inorgánica, por Francisco Higinio Recio del Bosque. Versión digital
856 _uhttps://0u213uyao-y-https-ebooks7--24-com.itmsp.museknowledge.com/biblioteca.aspx
_zVéase además: Base de datos Ebook7-24
856 _uhttps://0u216uyaq-y-https-accessmedicina-mhmedical-com.itmsp.museknowledge.com/
_zVéase además: Base de datos McGraw Hill Access Medicina
856 _uhttps://0u23fuyar-y-https-www-clinicalkey-com.itmsp.museknowledge.com/student/login
_zVéase además: Base de datos ClinicalKey
942 _cLIB
_dJUS
_fJUS
_2ddc
999 _c15549
_d15549